The economics of tramp shipping
Αποθηκεύτηκε σε:
| Κύριος συγγραφέας: | |
|---|---|
| Μορφή: | Βιβλίο |
| Γλώσσα: | English |
| Δημοσίευση: |
London :
Athlone Press,
1971
|
| Θέματα: | |
| Ετικέτες: |
Προσθήκη ετικέτας
Δεν υπάρχουν, Καταχωρήστε ετικέτα πρώτοι!
|
MARC
| LEADER | 00000cam a2200000 i 4500 | ||
|---|---|---|---|
| 001 | 1/32926 | ||
| 008 | 950812s1971 eng d | ||
| 020 | |a 0485111276 | ||
| 035 | |l 10023842 | ||
| 040 | |a GR-MY-UA |b gre |e aacr | ||
| 041 | 0 | |a eng | |
| 082 | 0 | |a 387.544 | |
| 100 | 1 | |a Μεταξάς, Βασίλης Ν., |d 1925- | |
| 245 | 1 | 4 | |a The economics of tramp shipping / |c [by] B. N. Metaxas |
| 260 | |a London : |b Athlone Press, |c 1971 | ||
| 300 | |a xi, 268 p; |b ill.; |c 22 cm | ||
| 500 | |a Distributed in U.S.A. by Oxford University Press, New York | ||
| 504 | |a Bibliography | ||
| 650 | 0 | 0 | |a Shipping. |
| 650 | 0 | 0 | |a Shipping |x Rates. |
| 650 | 0 | 0 | |a Tramp shipping. |
| 852 | |a INST |b CHIOS |e 19950812 |h 387.544 MET |p 005200004988 |q 005200004988 |t BK |y 0 | ||
| 852 | |a INST |b CHIOS |e 20000509 |h 387.544 MET |p 005200017793 |q 005200017793 |t BK |y 0 | ||
| 852 | |a INST |b CHIOS |e 20000327 |h 387.544 MET |p 005200018046 |q 005200018046 |t BK |y 0 | ||
| 901 | |a BIBL2-2000-1 | ||
| 909 | |a Χ |b 009428 | ||
| 909 | |a Χ |b 075768 | ||
| 909 | |a Χ |b 076087 | ||
| 970 | |a ΠΟΥΛΑΚΗ |b ΣΤΕΛΛΑ |z 2000/03/27 | ||